000 00589nam a22001937a 4500
005 20251108173636.0
008 250721s2007 xx 000 0 ara d
082 1 4 _a658.3/عار
100 1 _aعارف، سامي
245 1 0 _aأساسيات الوصف الوظيفي /
264 1 _aعمان :
_bدار زهران للنشر و التوزيع،
_c2007.
300 _a222 ص.
650 1 7 _aالوصف الوظيفي
650 1 7 _aإدارة الأفراد
650 1 7 _aآداب المهنة
650 1 7 _aالرقابة الإدارية
942 _2ddc
_cBK
999 _c108830
_d108830